Qui sont ces joueurs de l'équipe de France de Handball ? - Statistiques

Statistiques générales
  • Ce quiz a été pris 737 fois
  • Le résultat moyen est 13 sur 16
Statistiques - réponses
Par images Réponse % Correct
Nikola Karabatic
97%
Vincent Gérard
94%
Valentin Porte
93%
Dika Mem
90%
Elohim Prandi
90%
Nedim Remili
89%
Kentin Mahé
87%
Melvyn Richardson
85%
Yannis Lenne
82%
Rémi Desbonnet
80%
Matthieu Grébille
72%
Thibault Briet
72%
Charles Bolzinger
66%
Dylan Nahi
65%
Benoît Kounkoud
62%
Romain Lagarde
61%
Aucun quiz correspondant
Distribution des résultats
% des personnes avec chaque résultat
Percentile par nombre de réponses
Votre historique - résultats
Vous n’avez pas pris ce quiz